00446nam a2200133Ia 45000010005000000080041000050820032000461000109000782450051001872600024002385900007002629010028002699990015002972009241024s9999 xx 000 0 und d aRD/378.7293/R426p/2008-2018 aRepública Dominicana. Secretaría de Estado de Educación Superior, Ciencia y Tecnología (SEESCYT) 0aPlan Decenal de Educación Superior 2008-2018 bSanto Domingoc2008 asi a7/11/2011 11:12:43 a.m. c8361d8361